| 000 | 01315nam a22002897a 4500 | ||
|---|---|---|---|
| 001 | 9474 | ||
| 003 | FISKH | ||
| 005 | 20260114084613.0 | ||
| 008 | 260114b cb ||||| |||| 00| 0 eng d | ||
| 020 | _a9781910328026 | ||
| 040 |
_aFISKH _beng _cFISKH _dFISKH |
||
| 050 | _aPS3600 | ||
| 082 | _a891.5534 | ||
| 100 |
_aTeymorian, Anahita _eAuthor |
||
| 245 |
_aA bird like himself / _cAnahita Teymorian |
||
| 260 |
_aLondon : _bTiny Owl Publishing Ltd , _c2015 |
||
| 300 |
_a28 unnumbered pages : _bcolor illustrations ; _c26 cm |
||
| 505 | _aN | ||
| 520 | _aWhat happens when a bird is raised by cows, sheep, and elephants? Baby the bird is raised by animals of all species, who lovingly provide play, food, and care as he grows up. However, there's one thing they can't do--teach the little bird to fly. When Baby meets a bird like himself, he realizes that the ability to fly was always inside him. This heartwarming book combines whimsical illustrations with a heartwarming story about nontraditional families, accepting differences, and realizing one's abilities. | ||
| 521 | 8 |
_a530
_bLexile AD |
|
| 521 | 8 |
_aN
_bRaz-Plus |
|
| 650 |
_aPicture book _vBird |
||
| 650 |
_aHeartwarming story _vAccepting differences |
||
| 700 |
_aJavanmard, Elahe _eIllustrator |
||
| 942 |
_2ddc _cBK _n0 |
||
| 999 |
_c9474 _d9474 |
||